000 00925cam a2200289 4500
005 20260322212052.0
008 data
010 _a 79161166
020 _a0398023271
020 _a9780398023270
040 _aDLC
_cDLC
_dYUS
_dOCL
_dDLC
_dNLM
_dYUS
049 _aYU31
050 0 _aRC514
_b.K26
060 _aWM 203 K17g 1972
096 _aWM 203 K141g
100 1 _aKaplan, Arnold R.
245 1 0 _aGenetic factors in "schizophrenia."
_cCompiled and edited by Arnold R. Kaplan. With forewords by Arnold Sorsby and Newton E. Morton.
260 _aSpringfield, Ill.,
_bThomas
_c[1972]
300 _axxvi, 698 p.
_billus.
_c27 cm.
504 _aIncludes bibliographical references.
590 _aIncludes bibliographical references.
650 0 _aSchizophrenia
_xGenetic aspects.
650 0 _aMental illness
_xGenetic aspects.
650 2 _aSchizophrenia
_xgenetics.
650 2 _aSchizophrenia
_xetiology.
001 data
999 _c1236
_d1236